| 000 | 00756am a2200265a 44500 | ||
|---|---|---|---|
| 003 | AR-BaBNM | ||
| 005 | 20251128211053.0 | ||
| 008 | 022020s1981 #AR|||||||||||000 | esp|| | ||
| 040 | _cAR-BaBNM | ||
| 100 | 1 | _aVocos, Francisco Javier | |
| 245 | 1 | 0 |
_aEl problema universitario _by el movimiento reformista |
| 250 | _a2ยช ed. | ||
| 260 |
_a[Buenos Aires] _bCruz y Fierro _c1981 |
||
| 300 | _a198 p. | ||
| 490 | 0 |
_aEnsayos doctrinarios _vv. 3 |
|
| 650 | 4 | _aUNIVERSIDADES | |
| 650 | 4 | _aESTUDIANTES UNIVERSITARIOS | |
| 650 | 4 | _aMOVIMIENTOS ESTUDIANTILES | |
| 650 | 4 | _aPROFESORES UNIVERSITARIOS | |
| 653 | _aHISTORIA DE LA UNIVERSIDAD | ||
| 653 | _aREFORMA UNIVERSITARIA | ||
| 653 | _aPOLITICAS UNIVERSITARIAS | ||
| 942 | _cBK | ||
| 998 | _craquel | ||
| 999 |
_c18101 _d18101 |
||